000 00699nam a2200205Ia 4500
008 130821s2003 xxua gr eng
020 _a536752702
040 _aCo-BoUCM
_bspa
041 0 0 _aeng
100 1 _aCombs, Cindy C.
_9164868
245 1 0 _aTerrorism in the twenty-first century
_cCindy C. Combs
260 _aUpper Saddle River (Nueva Jersey, Estados Unidos)
_bPrentice Hall
_c2003
300 _axi, 312 páginas
_bilustraciones
504 _aIncluye bibliografía e índice
650 0 4 _aTerrorismo
_925425
650 0 4 _aTerrorismo
_xPrevención y control
_925425
650 0 4 _aViolencia
_9422
942 _cLIBRO
_a5
_e1
_mP369t
_2DEWEY
_h303.625
999 _c59136
_d59136